Hronec, hala sivej liatiny - architektonická štúdia nového využitia uvoľneného objektu

Saved in:
Bibliographic Details
Main Author: Tibenská, Mária (Author)
Other Authors: Kráľová, Eva (Thesis advisor)
Format: Manuscript Book
Language:Slovak
Published: Bratislava 2016
Subjects:
Online Access:http://is.stuba.sk/zp/portal_zp.pl?podrobnosti=117218
Tags: Add Tag
No Tags, Be the first to tag this record!

MARC

LEADER 00000ntm a22000003a 4500
001 stuzp57605
003 SK-STU
005 20210225094011.9
007 ta
008 150427s2015----xo-----f-mn---000-0-slo-d
040 |a STU  |b slo 
041 0 |a slo 
100 1 |a Tibenská, Mária  |u 053130  |4 aut  |U FAD Fakulta architektúry  |T FA Ústav dejín a teórie architektúry a obnovy pamiatok  |X 43882  |U A3130  |Y 394  |7 A000043882 
242 0 1 |a Hronec, the Cast Iron Hall - architectural study of a new use for the vacant building  |y eng 
245 1 0 |a Hronec, hala sivej liatiny - architektonická štúdia nového využitia uvoľneného objektu 
260 |c 2016  |a Bratislava 
650 4 |a Hronec  |2 slo 
650 4 |a zlievareň  |2 slo 
650 4 |a múzeum  |2 slo 
650 4 |a industriálna architektúra  |2 slo 
650 4 |a Hronec  |2 eng 
650 4 |a iron foundry  |2 eng 
650 4 |a museum  |2 eng 
650 4 |a industrial architecture  |2 eng 
700 1 |a Kráľová, Eva  |u 053130  |k Z1  |4 ths  |U FAD Fakulta architektúry  |T FA Ústav dejín a teórie architektúry a obnovy pamiatok  |X 391  |U A3130  |Y 394  |7 A000000391 
856 4 |u http://is.stuba.sk/zp/portal_zp.pl?podrobnosti=117218  |u https://opac.crzp.sk/?fn=detailBiblioForm&sid=FFEED6484134604A3D71AEB88729 
SQL |a stuzp57605  |b DDP  |c SLO  |d Hronec, hala sivej liatiny - architektonická štúdia nového využitia uvoľneného objektu  |e 43882  |f Tibenská, Mária  |g 053130  |h 391  |i Kráľová, Eva  |j 20160602  |k 153  |l 05  |m http://is.stuba.sk/zp/portal_zp.pl?podrobnosti=117218  |n I-ARCH  |o 5.1.1. architektúra a urbanizmus